| 000 -ლიდერი |
| ფიქსირებული სიგრძის საკონტროლო ველი |
01361nam a2200241Ia 4500 |
| 001 - საკონტროლო ნომერი |
| საკონტროლო ველი |
2236 |
| 003 - საკონტროლო ნომრის იდენტიფიკატორი |
| საკონტროლო ველი |
GE_BSU |
| 005 - ბოლო ოპერაციის თარიღი და დრო |
| საკონტროლო ველი |
20221223165308.0 |
| 008 - ფიქსირებული სიგრძის მონაცემთა ელემენტები - ზოგადი ინფორმაცია |
| ფიქსირებული სიგრძის საკონტროლო ველი |
181216s1973||||ge |||||||||||||| ||geo|| |
| 040 ## - კატალოგიზაციის წყარო |
| Transcribing agency |
GE_BSU |
| 041 ## - ენის კოდი |
| Language code of text/sound track or separate title |
geo |
| 080 ## - უნივერსალური ათობითი კლასიფიკაციის ინდექსი |
| Universal Decimal Classification number |
1 ქ–79 |
| 100 ## - მთავარი ჩანაწერი - პიროვნების სახელი |
| Personal name |
ქსენოფონტი, დაახლოებით 430-255 ჩ.წ.ა., ავტორი. |
| 9 (RLIN) |
748 |
| 245 ## - ცნობა სათაურის შესახებ |
| Title |
მოგონებები სოკრატეზე - სოკრატეს აპოლოგია / |
| Statement of responsibility, etc |
ქსენოფონტი ; ძვ. ბერძნ. თარგმნა, შესავ. წერილი, შენიშვნები და სახელთა საძიებელი დაურთო ა. ურუშაძემ ; |
| 264 ## - წარმოების, გამოცემის, დისტრიბუციის და სხვა ცნობები |
| გამოცემის, წარმოების, დისტრიბუციის... ადგილი |
თბილისი : |
| გამოცემის, წარმოების, დისტრიბუციის... სახელწოდება |
თბ. უნ-ტის გამ-ბა, |
| გამოცემის, წარმოების, დისტრიბუციის... თარიღი |
1973. |
| 300 ## - ფიზიკური აღწერა |
| Extent |
173 გვ.; |
| Other physical details |
21 სმ. |
| 653 ## - INDEX TERM--UNCONTROLLED |
| Uncontrolled term |
ძველბერძნული ფილოსოფია |
| 653 ## - INDEX TERM--UNCONTROLLED |
| Uncontrolled term |
სოკრატეს ფილოსოფია |
| 700 ## - ADDED ENTRY--PERSONAL NAME |
| Personal name |
ურუშაძე, აკაკი |
| Relator term |
მთარგმნელი |
| 9 (RLIN) |
749 |
| 700 ## - ADDED ENTRY--PERSONAL NAME |
| Personal name |
თევზაძე, გიგი, |
| Relator term |
რედაქტორი |
| 9 (RLIN) |
750 |
| 710 ## - ADDED ENTRY--CORPORATE NAME |
| Corporate name or jurisdiction name as entry element |
თბილ. უნ-ტის ბერძნულ-ლათინური ბიბ-კა. |
| 9 (RLIN) |
16558 |
| 942 ## - ADDED ENTRY ELEMENTS (KOHA) |
| Koha item type |
წიგნი |
| Source of classification or shelving scheme |
|